000 00649nam a2200253 a 4500
003 AR-BaBNM
005 20251128203219.0
008 082120s2002 ||||||||||||||000 | spa||
040 _cAR-BaBNM
100 1 _aHerraiz, Ismael
245 0 0 _aItalia fuera de combate
260 _aBuenos Aires
_bEdiciones Atlas Argentina
_c1944
300 _a331 p.
650 4 _aLITERATURA ESPAÑOLA
650 4 _aESCRITORES
650 4 _aFASCISMO
650 4 _aLITERATURA CONTEMPORANEA
653 _aNARRATIVA
653 _aNOVELA HISTORICA
655 _aLITERATURA
700 1 _aSánchez Mazas, Rafael
_ecomentarista
942 _cBK
998 _cMARTIN
999 _c2425
_d2425